000 02071cam a22005054i 4500
003 PE-LiUPU
005 20250731172916.0
008 150617s r 000 0 d
035 _a(Sirsi) a18921
040 _aPE-LiUPU
_bspa
_cPE-LiUPU
_erda
049 _aPRUA
082 0 4 _a261.8
_bT75
_221
100 1 _aToulat, Pierre,
_eautor.
245 1 4 _aLos cristianos en el mundo rural /
_cPierre Toulat, Ange Bougeard, Joseph Templier ; [traductor, Alberto Tomás].
264 1 _aBarcelona :
_bEdiciones Rurales de A. C. Instituto Católico de Estudios Sociales,
_c1968.
300 _a493 páginas ;
_c18 cm
336 _atext
_2rdacontent
337 _aunmediated
_2rdamedia
338 _avolume
_2rdacarrier
504 _anotas bibliográficas.
505 0 _aLos movimientos vistos por la prensa -- Los movimientos vistos por ellos mismos -- Hombres cultivados -- Progreso espiritual de los jóvenes -- Cristianos en acción -- Unas parroquias se ponen en movimiento -- Los laicos y los pastores de la iglesia -- El sacerdote entre dos mundos -- Conciliarios de acción católica -- Iniciativas misioneras -- Sacerdotes en equipo -- La pastoral de conjunto.
526 _aSEG42
526 _aSEG41
526 _aSEG40
526 _aSEG39
526 _aP94
526 _aP87
526 _aP86
526 _aP85
526 _aP77
526 _aP76
526 _aP35
650 0 4 _aAcción Católica Española.
650 0 4 _aSociología rural.
700 1 _aBougeard, Ange,
_eautor.
700 1 _aTemplier, Joseph,
_eautor.
700 1 _aTomas, Alberto , (O.S.B.),
_etraductor.
910 _ajck
_bjvq
_cjck
_d20150616
942 _2ddc
_cBOOK
949 _a261.8 T75
_wDEWEY
_c1
_i12713
_lCCODEBUL1
_mBUL
_p00.00
_r0
_sY
_tBOOK
_u19740830
_xTEOLOGIA
_PP35
_0COMPRA
_o.STAFF. Colección General
994 _aC0
_bPEPRU
596 _a1
999 _a261.8 T75
_wDEWEY
_c18667
_i12713
_f2021-11-12
_g5
_lCCODEBUL1
_mBUL
_r0
_sY
_tBOOK
_u2015-6-17
_xTEOLOGIA
_PP35
_0COMPRA
_o.STAFF. Colección General
_d18667
980 _81
_gALBERTO SANCHEZ Responsable de Automatización